Score 0/30 Timer 04:00
0 Plays Today
Hint 4-Letter Word % Correct
GenuineREAL
91.9%
'Three Blind ___'MICE
91.3%
Golf ball destination (hopefully)HOLE
91.3%
WatercraftBOAT
91.1%
Jagger of the Rolling StonesMICK
90.7%
Nanny or billy, e.g.GOAT
88.8%
Method of ice cream consumptionLICK
86.3%
MS document softwareWORD
85.8%
Ripped apartTORE
84.8%
Material from a tree trunkWOOD
84.1%
Provoke to reactionGOAD
84%
Where you're trying to go when they'll stone ya♫ HOME ♫
83.5%
Large scholarly bookTOME
82.7%
Flog repeatedlyBEAT
82.2%
What you're trying to be when they'll stone ya♫ GOOD ♫
81.9%
Hint 4-Letter Word % Correct
Dylan's conclusion: 'Everybody ____ get stoned.'♫ MUST ♫
81.6%
Sported article of clothingWORE
81.3%
Dian Fossey's 'Gorillas in the ___'MIST
80.5%
___-Bopp CometHALE
77%
Dylan's advice: I would not ____ so all alone ♫ FEEL ♫
76.7%
'Kiss from a Rose' singerSEAL
76.4%
Visual theme: ___ en scèneMISE
76.1%
Lively Scottish or Irish folk danceREEL
75.1%
With 'Good' what they'll say after they stone ya♫ LUCK ♫
73.3%
What you're trying to keep when they'll stone ya♫ SEAT ♫
67.8%
Baseball pitcher's illegal moveBALK
67.6%
What you're doing alone when they'll stone ya♫ WALK ♫
62%
Where they'll come again after they stone ya♫ BACK ♫
61.3%
What you're trying to make when they'll stone ya♫ BUCK ♫
60.2%
Corduroy ridgeWALE
59%

Today's Daily Dose

Missing Word
'T' Pairs

Word Ladder
Game Pieces

Get the Picture
Baseball Movies

Remove Ads.
Support Sporcle.
Get the best of Sporcle when you Go Orange. This ad-free experience offers more features, more stats, and more fun while also helping to support Sporcle. Thank you for becoming a member.

You're not logged in!

Compare scores with friends on all Sporcle quizzes.
OR
Log In

Show Comments

Extras

Top Quizzes Today


Score Distribution

Your Account Isn't Verified!

In order to create a playlist on Sporcle, you need to verify the email address you used during registration. Go to your Sporcle Settings to finish the process.

Report this User

Report this user for behavior that violates our Community Guidelines.

Details: